| 000 | 04588cgm a2200865Mi 4500 | ||
|---|---|---|---|
| 001 | ocn993469556 | ||
| 003 | OCoLC | ||
| 005 | 20200828164339.0 | ||
| 007 | vd cgaizs | ||
| 008 | 020909s2002 cau091 vleng d | ||
| 040 |
_aO5E _beng _cO5E _dOCLCO _dIOU _dOCLCF _dTXB _dOCLCO _dOCLCQ _dOCL _dTXLYT _dWACOL |
||
| 020 | _a9780783273310 | ||
| 020 | _a0783273312 | ||
| 024 | 1 | _a025192240126 | |
| 028 | 4 | 2 |
_a22401 _bUniversal Pictures |
| 035 | _a(OCoLC)993469556 | ||
| 041 | 0 |
_aeng _afre _jeng _jspa |
|
| 082 | 0 | 4 | _a791.43/72 |
| 092 |
_aDVD _bSco |
||
| 049 | _aWACL | ||
| 245 | 0 | 0 |
_aScorpion King / _ca Universal Pictures presentation in association with World Wrestling Federation Entertainment an Alphaville/Stephen Sommers/Misher Films production, a Chuck Russell film ; producers, Stephen Sommers, Sean Daniel, James Jacks, Kevin Misher ; screenplay writers, Stephen Sommers, William Osborne, David Hayter ; director, Chuck Russell. |
| 250 | _aFull screen collector's ed. | ||
| 264 | 1 |
_aUniversal City, CA : _bUniversal Pictures, _c2002. |
|
| 300 |
_a1 videodisc (91 min.) : _bsound, color ; _c4 3/4 in. |
||
| 336 | _atwo-dimensional moving image | ||
| 337 | _avideo | ||
| 338 | _avideodisc | ||
| 500 | _aSpecial features: extended version in enhanced viewing mode; live footage from the Rock's feature commentary; outtakes and alternate versions of key scenes; making-of featurette; "The Fight Scenes" featurette; Universal Studios total access; "Working With animals" featurette; Godsmack "I Stand Alone" music video; sneak peek at "Helldorado." | ||
| 508 | _aDirector of photography, John R. Leonetti ; editors, Michael Tronick, Greg Parsons ; music, John Debney ; costume designer, John Bloomfield ; production designer, Ed Verreaux. | ||
| 511 | 1 | _aThe Rock, Steven Brand, Kelly Hu, Bernard Hill, Grant Heslov, Peter Facinelli, Ralf Moeller, Michael Clarke Duncan. | |
| 520 | _aAn action/adventure film. Mighty Memnon rules over nearly all the known world, who defeats his enemies in battle with the help of a beautiful sorceress. "Free tribes" form a fragile alliance to fight Memnon, and hire a trio of assassins to kill the sorceress and thus remove Memnon's advantage. The assassins are betrayed by the son of one of the tribal leaders, and Mathayus finds himself unable to kill Cassandra. Mathayus abducts the sorceress, who explains that Memnon was holding her against her will. Mathayus then uses his newfound sense of justice to convince the surviving tribal leaders to join forces again to defeat Memnon. | ||
| 521 | 8 | _aMPAA rating: PG-13. | |
| 530 | _aAlso issued on VHS. | ||
| 538 | _aDVD, DTS, Dolby digital. | ||
| 546 | _aClosed-captioned. | ||
| 521 |
_aDVD _bDonation |
||
| 650 | 0 |
_aAssassins _vDrama. _95697952 |
|
| 650 | 0 |
_aAlliances _vDrama. _95763951 |
|
| 650 | 0 |
_aBattles _vDrama. _95702697 |
|
| 650 | 7 |
_aAlliances. _2fast _0(OCoLC)fst00805586 _96370980 |
|
| 650 | 7 |
_aAssassins. _2fast _0(OCoLC)fst00818974 _96370981 |
|
| 650 | 7 |
_aBattles. _2fast _0(OCoLC)fst00828915 _96370982 |
|
| 655 | 7 |
_aFantasy films. _2fast _0(OCoLC)fst01710304 _96370983 |
|
| 655 | 7 |
_aDrama. _2fast _0(OCoLC)fst01423879 _96370984 |
|
| 655 | 7 |
_aVideo recordings for the hearing impaired. _2fast _0(OCoLC)fst01710450 _96370985 |
|
| 655 | 4 |
_aFantasy films. _96370983 |
|
| 655 | 7 |
_aFantasy films. _2lcgft _96370983 |
|
| 655 | 7 |
_aVideo recordings for the hearing impaired. _2lcgft _96370985 |
|
| 700 | 1 |
_aSommers, Stephen. _942719 |
|
| 700 | 1 |
_aDaniel, Sean. _976355 |
|
| 700 | 1 |
_aJacks, James. _976354 |
|
| 700 | 1 |
_aMisher, Kevin. _970560 |
|
| 700 | 1 |
_aOsborne, William _q(William Hanslow), _d1960- _95806096 |
|
| 700 | 1 |
_aHayter, David. _957631 |
|
| 700 | 1 |
_aRussell, Chuck, _d1952- _937772 |
|
| 700 | 1 |
_aJohnson, Dwayne, _d1972- _95856300 |
|
| 700 | 1 |
_aBrand, Steven, _d1969- _96370986 |
|
| 700 | 1 |
_aHu, Kelly, _d1968- _971679 |
|
| 700 | 1 |
_aHill, Bernard, _d1944- _963520 |
|
| 700 | 1 |
_aHeslov, Grant, _d1963- _971672 |
|
| 700 | 1 |
_aFacinelli, Peter, _d1973- _976880 |
|
| 700 | 1 |
_aMoeller, Ralf. _964266 |
|
| 700 | 1 |
_aDuncan, Michael Clarke. _966571 |
|
| 700 | 1 |
_aLeonetti, John R. _972567 |
|
| 700 | 1 |
_aTronick, Michael. _970381 |
|
| 700 | 1 |
_aParsons, Greg. _96134970 |
|
| 700 | 1 |
_aDebney, John. _934954 |
|
| 700 | 1 |
_aBloomfield, John. _924691 |
|
| 700 | 1 |
_aVerreaux, Edward. _96285679 |
|
| 710 | 2 |
_aUniversal Pictures (Firm) _919584 |
|
| 710 | 2 |
_aWorld Wrestling Federation Entertainment, Inc. _96370987 |
|
| 710 | 2 |
_aAlphaville Productions. _966265 |
|
| 710 | 2 |
_aMisher Films. _95756879 |
|
| 994 |
_aC0 _bWACOL |
||
| 999 |
_c352895 _d352895 |
||